Tratado de fisiología médica (Registro nro. 467)

Detalles MARC
000 -CABECERA
Longitud fija campo de control 00740cam a2200229 c 4500
001 - NÚMERO DE CONTROL
Número de control a5071588
003 - IDENTIFICADOR DELl NÚMERO DE CONTROL
Identificador del número de control OSt
005 - FECHA Y HORA DE LA ÚLTIMA TRANSACCIÓN
Fecha y hora de la última transacción 20130830174802.0
008 - CÓDIGOS DE INFORMACIÓN DE LONGITUD FIJA
Códigos de información de longitud fija 110620s2011 sp a | |||| 001 0 spa
020 ## - NÚMERO INTERNACIONAL NORMALIZADO PARA LIBROS
Número Internacional Normalizado para Libros (ISBN) 978-84-8086-819-8
040 ## - FUENTE DE LA CATALOGACIÓN
Centro catalogador de origen SpMaBN
Centro transcriptor BMC
082 ## - NÚMERO DE LA CLASIFICACIÓN DECIMAL DEWEY
Númeroo de clasificación 612
100 ## - PUNTO DE ACCESO PRINCIPAL-NOMBRE DE PERSONA
Nombre de persona Guyton, Arthur C.
9 (RLIN) 578
245 10 - MENCIÓN DE TÍTULO
Título Tratado de fisiología médica
Mención de responsabilidad, etc. Guyton & Hall John E. Hall, Arthur C. Guyton ; [traducción y producción editorial, GEA Consultoría Editorial, S.L.]
250 ## - MENCIÓN DE EDICIÓN
Mención de edición 12ª ed
260 ## - PUBLICACIÓN, DISTRIBUCIÓN, ETC. (PIE DE IMPRENTA)
Lugar de publicación, distribución, etc. Barcelona
Nombre del editor, distribuidor, etc. Elsevier
Fecha de publicación, distribución, etc. 2011
300 ## - DESCRIPCIÓN FÍSICA
Extensión XIX, 1092 p.
Otras características físicas il. col., gráf.
Dimensiones 28 cm
504 ## - NOTA DE BIBLIOGRAFÍA, ETC
Nota de bibliografía, etc. Incluye referencias bibliográficas e índice
650 ## - PUNTO DE ACCESO ADICIONAL DE MATERIA - TÉRMINO DE MATERIA
9 (RLIN) 580
Término de materia o nombre geográfico como elemento inicial Fisiología humana
700 ## - PUNTO DE ACCESO ADICIONAL - NOMBRE DE PERSONA
Nombre de persona Hall, John E.
9 (RLIN) 579
942 ## - ENTRADA DE ELEMENTOS AGREGADOS (KOHA)
Fuente de clasificaión o esquema Dewey Decimal Classification
Koha [por defecto] tipo de item 1- Monografias
Existencias
Suprimido Perdido Fuente de clasificación o esquema Estropeado Restricciones de uso No para préstamo Código de colección Localización permanente Localización actual Localización en estanter&íacute;as Fecha adquisición Fuente de adquisición Número de inventario Préstamos totales Renovaciones totales Signatura completa Código de barras Fecha última consulta Fecha último préstamo Coste, precio reemplazado Fecha del precio de reemplazo Tipo de item de Koha
NULL NULL Dewey Decimal Classification NULL Prestable NULL NULL Biblioteca Centro Regional de Ilobasco Biblioteca Centro Regional de Ilobasco Sala Principal 30/06/2011 UNICAES LI001829 3   612 GUY tra 1038378 16/08/2025 14/08/2025   26/09/2016 1- Monografias
NULL NULL Dewey Decimal Classification NULL Prestable NULL NULL Biblioteca Centro Regional de Ilobasco Biblioteca Centro Regional de Ilobasco Sala Principal 30/06/2011 UNICAES LI001830 5   612 GUY tra 1038379 03/10/2025 03/10/2025   26/09/2016 1- Monografias
NULL NULL Dewey Decimal Classification NULL Prestable NULL NULL Biblioteca Centro Regional de Ilobasco Biblioteca Centro Regional de Ilobasco Sala Principal 30/06/2011 UNICAES LI001831 1   612 GUY tra 1038380 21/08/2019 21/08/2019   26/09/2016 1- Monografias
NULL NULL Dewey Decimal Classification NULL Prestable NULL NULL Biblioteca Miguel de Cervantes - UNICAES Biblioteca Miguel de Cervantes - UNICAES Sala Principal 17/05/2013 Donación - Facultad de Ciencias de la Salud 000466 71 9 612 GUY tra 1000466 03/11/2025 03/11/2025 50.00 17/05/2013 1- Monografias
NULL NULL Dewey Decimal Classification NULL Prestable NULL NULL Biblioteca Miguel de Cervantes - UNICAES Biblioteca Miguel de Cervantes - UNICAES Sala Principal 17/05/2013 Donación - Facultad de Ciencias de la Salud 000467 65 7 612 GUY tra 1000467 19/05/2026 18/05/2026 50.00 17/05/2013 1- Monografias
NULL NULL Dewey Decimal Classification NULL Prestable NULL NULL Biblioteca Miguel de Cervantes - UNICAES Biblioteca Miguel de Cervantes - UNICAES Sala Principal 17/05/2013 Donación - Facultad de Ciencias de la Salud 000468 71 7 612 GUY tra 1000468 03/11/2025 03/11/2025 50.00 17/05/2013 1- Monografias